000 00578nam a2200229Ia 4500
003 OSt
005 20220916111057.0
006 a|||||r|||| 00| 0
007 ta
008 220915b |||||||| |||| 00| 0 eng d
024 _a248573
037 _cTextbook
040 _beng
_aARTS
_cARTS
041 _aeng
082 _aX65, M1
100 _aVelayudhan S. Tr.
245 0 _aInvestment N. Krishna Pillai
260 _aTrichur
_bkerala Sahitua Akademi
300 _a107p.
_ccm.
942 _hX65, M1
_cTB
_2CC
999 _c105074
_d105074